| 000 | 00577nam a2200193Ia 4500 | ||
|---|---|---|---|
| 003 | GCL | ||
| 008 | 140319s9999 xx 000 0 eng d | ||
| 040 |
_aGCL / _cGCL |
||
| 082 | 0 | 4 |
_a005.43 _bL M |
| 100 | 1 | _aMORRISON,CONNIE | |
| 245 | 1 | 0 |
_aMICROSFT WORD FOR WINDOWS: TUTORIAL APPLICATIONS / _cMORRISON,CONNIE |
| 700 | 1 | _aLEWIS, BRENDA | |
| 260 |
_a[S.N] : _bSOUTH-WEATERN PUBISHING CO ، _c1994 |
||
| 300 | _a411 PP | ||
| 650 | 0 | 4 | _aMS - DOS ( COMPUTER OPERATING SYSTEM ) |
| 650 | 0 | 4 | _aMICROSOFT FILE ( COMPUTER PROGRAME ) |
| 650 | 0 | 4 | _aWINDOWS PROGRAM |
| 942 |
_2ddc _cBK |
||
| 999 |
_c16999 _d16999 |
||